| 000 | 01144nam a22003137a 4500 | ||
|---|---|---|---|
| 001 | 7258 | ||
| 003 | FISKH | ||
| 005 | 20250708155957.0 | ||
| 008 | 250704b cb ||||| |||| 00| 0 eng d | ||
| 020 | _a9780590956161 | ||
| 040 |
_aFISKH _beng _cFISKH _dFISKH |
||
| 050 | _a PZ7.C8185 M | ||
| 082 | _a 236 | ||
| 100 |
_aCosby, Bill _d(1937-) |
||
| 245 |
_aThe meanest thing to say / _cBy Bill Cosby ; Illustrated by Varnette P.Honeywood |
||
| 250 | _aThis edition first published in 1997 | ||
| 260 |
_aNew York : _bScholastic, _c1997 |
||
| 300 |
_a28 unnumbered pages : _bcolor illustrations ; _c23 cm |
||
| 490 |
_aLittle bill _vBook for beginning readers |
||
| 505 | _aG | ||
| 520 | _aWhen a new boy in his second grade class tries to get the other students to play a game that involves saying the meanest things possible to one another, Little Bill shows him a better way to make friends. | ||
| 521 | 8 |
_a350
_bLexile |
|
| 521 | 8 |
_aG
_bRaz-Plus |
|
| 650 |
_2Little Bill _aOprah's Book Club |
||
| 650 |
_2African American _aLevel K |
||
| 700 |
_aP.Honeywood, Varnette _dillustrator |
||
| 942 |
_2ddc _cBK _n0 |
||
| 999 |
_c7258 _d7258 |
||